000 00285nam a2200133Ia 4500
008 230503s9999 xx 000 0 und d
082 _a598
_bNPCO
100 _aNPCIL
245 0 _aOur Flying guests
260 _aMumbai
_bNPCIL
_c2010
300 _a235
650 _abirds
942 _cBK
999 _c2351
_d2351